[Event "DEM U10w 2025"]
[Site "Willingen GER"]
[Date "2025.06.11"]
[Round "5"]
[White "Staudt, Merle"]
[Black "Artarov, Rina"]
[Result "0-1"]
[Termination "normal"]
[Board "4"]
[WhiteElo "1569"]
[BlackElo "1282"]
[WhiteClock "01:00:22"]
[BlackClock "01:19:07"]
[PlyCount "88"]
[WhiteFideId "34631151"]
[BlackFideId "34692541"]
[EventCountry "GER"]
[EventRounds "9"]
[EventType "swiss"]
[EventDate "2025.06.07"]

1. e4 {[%clk 01:30:58]} {[%emt 00:00:02]} c5 {[%clk 01:30:52]} {[%emt
00:00:09]} 2. Nf3 {[%clk 01:31:07]} {[%emt 00:00:21]} Nc6 {[%emt 00:00:16]} 3.
d4 {[%clk 01:31:29]} cxd4 {[%clk 01:31:35]} {[%emt 00:00:08]} 4. Nxd4 {[%clk
01:31:52]} {[%emt 00:00:09]} g6 {[%clk 01:31:52]} {[%emt 00:00:12]} 5. Nc3
{[%clk 01:31:20]} {[%emt 00:01:02]} Bg7 {[%clk 01:32:10]} {[%emt 00:00:11]} 6.
Nxc6 {[%clk 01:31:10]} {[%emt 00:00:41]} bxc6 {[%clk 01:32:17]} {[%emt
00:00:22]} 7. Bc4 {[%clk 01:29:36]} {[%emt 00:02:05]} d6 {[%clk 01:31:22]}
{[%emt 00:01:25]} 8. O-O {[%clk 01:24:20]} {[%emt 00:05:46]} Rb8 {[%clk
01:28:38]} {[%emt 00:03:14]} 9. Qf3 {[%clk 01:17:10]} {[%emt 00:07:39]} Nf6
{[%clk 01:23:11]} {[%emt 00:05:58]} 10. Rd1 {[%clk 01:14:24]} {[%emt 00:03:15]}
Bg4 {[%clk 01:22:18]} {[%emt 00:01:25]} 11. Qf4 {[%clk 01:13:40]} {[%emt
00:01:12]} Bxd1 {[%clk 01:22:11]} {[%emt 00:00:38]} 12. Nxd1 {[%clk 01:14:05]}
{[%emt 00:00:05]} O-O {[%clk 01:22:32]} {[%emt 00:00:09]} 13. Qf3 {[%clk
01:10:31]} {[%emt 00:04:03]} d5 {[%clk 01:20:15]} {[%emt 00:02:47]} 14. exd5
{[%clk 01:10:17]} {[%emt 00:00:44]} cxd5 {[%clk 01:20:35]} {[%emt 00:00:11]}
15. Bb3 {[%clk 01:10:20]} {[%emt 00:00:28]} Ne4 {[%clk 01:18:37]} {[%emt
00:02:27]} 16. Bf4 {[%clk 01:04:55]} {[%emt 00:05:53]} Rb7 {[%clk 01:14:55]}
{[%emt 00:04:14]} 17. c4 {[%clk 01:02:26]} {[%emt 00:02:59]} Qa5 {[%clk
01:11:57]} {[%emt 00:03:28]} 18. Nc3 {[%clk 00:54:55]} {[%emt 00:08:00]} Rxb3
{[%clk 01:12:00]} {[%emt 00:00:28]} 19. axb3 {[%clk 00:53:59]} {[%emt
00:01:26]} Qxa1+ {[%clk 01:11:40]} {[%emt 00:00:49]} 20. Qd1 {[%clk 00:54:17]}
{[%emt 00:00:13]} Qxd1+ {[%clk 01:11:38]} {[%emt 00:00:32]} 21. Nxd1 {[%clk
00:54:39]} {[%emt 00:00:07]} dxc4 {[%clk 01:12:00]} {[%emt 00:00:09]} 22. bxc4
{[%clk 00:54:52]} {[%emt 00:00:16]} Rc8 {[%clk 01:12:10]} {[%emt 00:00:21]} 23.
b3 {[%clk 00:55:01]} {[%emt 00:00:21]} Nc3 {[%clk 01:12:16]} {[%emt 00:00:23]}
24. Ne3 {[%clk 00:54:37]} {[%emt 00:00:55]} Ne2+ {[%clk 01:12:38]} {[%emt
00:00:07]} 25. Kf1 {[%clk 00:54:58]} {[%emt 00:00:10]} Nxf4 {[%clk 01:13:02]}
{[%emt 00:00:05]} 26. b4 {[%clk 00:55:11]} {[%emt 00:00:18]} Nd3 {[%clk
01:13:07]} {[%emt 00:00:24]} 27. b5 {[%clk 00:55:26]} {[%emt 00:00:16]} Bd4
{[%clk 01:13:27]} {[%emt 00:00:08]} 28. Nd5 {[%clk 00:55:13]} {[%emt 00:00:45]}
Rxc4 {[%clk 01:13:45]} {[%emt 00:00:12]} 29. Nxe7+ {[%clk 00:55:30]} {[%emt
00:00:13]} Kf8 {[%clk 01:14:04]} {[%emt 00:00:10]} 30. Nd5 {[%clk 00:55:42]}
{[%emt 00:00:19]} Nxf2 {[%clk 01:14:18]} {[%emt 00:00:14]} 31. Ke2 {[%clk
00:55:37]} {[%emt 00:00:37]} Rc5 {[%clk 01:14:40]} {[%emt 00:00:07]} 32. Nf4
{[%clk 00:55:53]} {[%emt 00:00:15]} Rxb5 {[%clk 01:14:59]} {[%emt 00:00:10]}
33. Kf3 {[%clk 00:56:40]} {[%emt 00:00:16]} Rf5 {[%clk 01:15:43]} {[%emt
00:00:13]} 34. g4 {[%clk 00:57:02]} {[%emt 00:00:09]} Rf6 {[%clk 01:16:00]}
{[%emt 00:00:13]} 35. h4 {[%clk 00:57:14]} {[%emt 00:00:18]} Nd3 {[%clk
01:16:20]} {[%emt 00:00:10]} 36. g5 {[%clk 00:57:24]} {[%emt 00:00:19]} Rxf4+
{[%clk 01:16:42]} {[%emt 00:00:07]} 37. Kg3 {[%clk 00:57:51]} {[%emt 00:00:04]}
a5 {[%clk 01:16:54]} {[%emt 00:00:19]} 38. h5 {[%clk 00:58:15]} {[%emt
00:00:05]} a4 {[%clk 01:17:14]} {[%emt 00:00:11]} 39. hxg6 {[%clk 00:58:40]}
{[%emt 00:00:04]} hxg6 {[%clk 01:17:36]} {[%emt 00:00:08]} 40. Kg2 {[%clk
00:59:00]} {[%emt 00:00:11]} a3 {[%clk 01:18:00]} {[%emt 00:00:06]} 41. Kh3
{[%clk 00:59:22]} {[%emt 00:00:07]} a2 {[%clk 01:18:24]} {[%emt 00:00:07]} 42.
Kg3 {[%clk 00:59:31]} {[%emt 00:00:20]} a1=Q {[%clk 01:18:44]} {[%emt
00:00:10]} 43. Kh3 {[%clk 00:59:56]} {[%emt 00:00:05]} Qh1+ {[%clk 01:19:07]}
{[%emt 00:00:07]} 44. Kg3 {[%clk 01:00:22]} {[%emt 00:00:17]} Bf2# {[%emt
00:01:05]} 0-1

[Event "DEM U10w 2025"]
[Site "Willingen GER"]
[Date "2025.06.11"]
[Round "5"]
[White "Kotliarova, Emily"]
[Black "Ruddat, Maila"]
[Result "1-0"]
[Termination "normal"]
[Board "5"]
[WhiteElo "1480"]
[BlackElo "1573"]
[WhiteClock "00:48:00"]
[BlackClock "00:41:15"]
[PlyCount "137"]
[WhiteFideId "34694390"]
[BlackFideId "34628100"]
[EventCountry "GER"]
[EventRounds "9"]
[EventType "swiss"]
[EventDate "2025.06.07"]

1. e4 {[%clk 01:30:59]} d5 {[%clk 01:29:57]} {[%emt 00:01:04]} 2. exd5 {[%clk
01:31:15]} {[%emt 00:00:12]} Nf6 {[%clk 01:29:15]} {[%emt 00:01:13]} 3. Nf3
{[%clk 01:30:07]} {[%emt 00:01:38]} Qxd5 {[%clk 01:28:41]} {[%emt 00:01:04]} 4.
Nc3 {[%clk 01:30:07]} {[%emt 00:00:30]} Qd8 {[%clk 01:28:53]} {[%emt 00:00:18]}
5. d4 {[%clk 01:30:24]} {[%emt 00:00:13]} g6 {[%clk 01:27:10]} {[%emt
00:02:13]} 6. Bc4 {[%clk 01:30:36]} {[%emt 00:00:18]} Bg7 {[%clk 01:27:10]}
{[%emt 00:00:29]} 7. O-O {[%clk 01:30:21]} {[%emt 00:00:46]} O-O {[%clk
01:26:48]} {[%emt 00:00:53]} 8. Be3 {[%clk 01:30:03]} {[%emt 00:00:44]} a6
{[%clk 01:24:59]} {[%emt 00:02:23]} 9. a4 {[%clk 01:29:52]} {[%emt 00:00:40]}
Nc6 {[%clk 01:24:37]} {[%emt 00:00:50]} 10. Qd2 {[%clk 01:29:34]} {[%emt
00:00:49]} b6 {[%clk 01:24:10]} {[%emt 00:00:57]} 11. Bh6 {[%clk 01:29:09]}
{[%emt 00:00:55]} Na5 {[%clk 01:23:49]} {[%emt 00:00:52]} 12. Ba2 {[%clk
01:28:53]} {[%emt 00:00:43]} Bb7 {[%clk 01:23:41]} {[%emt 00:00:39]} 13. Bxg7
{[%clk 01:27:29]} {[%emt 00:01:56]} Kxg7 {[%clk 01:23:58]} {[%emt 00:00:12]}
14. d5 {[%clk 01:27:25]} {[%emt 00:00:35]} Bc8 {[%clk 01:22:36]} {[%emt
00:01:49]} 15. Ne5 {[%clk 01:21:08]} {[%emt 00:06:51]} Qd6 {[%clk 01:16:52]}
{[%emt 00:06:13]} 16. Rfe1 {[%clk 01:15:52]} {[%emt 00:05:46]} Ng4 {[%clk
01:13:33]} {[%emt 00:03:49]} 17. Nxg4 {[%clk 01:10:18]} {[%emt 00:06:03]} Bxg4
{[%clk 01:13:04]} {[%emt 00:00:59]} 18. Qd4+ {[%clk 01:10:02]} {[%emt
00:00:45]} Kg8 {[%clk 01:10:19]} {[%emt 00:03:17]} 19. Qxg4 {[%clk 01:09:50]}
{[%emt 00:00:42]} Nb7 {[%clk 00:58:24]} {[%emt 00:12:25]} 20. Qh4 {[%clk
01:03:39]} {[%emt 00:06:39]} Rfe8 {[%clk 00:58:20]} {[%emt 00:00:36]} 21. Rad1
{[%clk 01:03:41]} {[%emt 00:00:28]} Rad8 {[%clk 00:57:59]} {[%emt 00:00:50]}
22. h3 {[%clk 01:01:57]} {[%emt 00:02:15]} Qf6 {[%clk 00:53:26]} {[%emt
00:05:02]} 23. Qxf6 {[%clk 01:02:11]} {[%emt 00:00:17]} exf6 {[%clk 00:52:57]}
{[%emt 00:00:59]} 24. Rxe8+ {[%clk 00:57:41]} {[%emt 00:05:00]} Rxe8 {[%clk
00:51:47]} {[%emt 00:01:40]} 25. b4 {[%clk 00:57:51]} {[%emt 00:00:20]} Kg7
{[%clk 00:51:20]} {[%emt 00:00:57]} 26. Kf1 {[%clk 00:58:06]} {[%emt 00:00:15]}
Kf8 {[%clk 00:50:26]} {[%emt 00:01:23]} 27. Re1 {[%clk 00:58:10]} {[%emt
00:00:25]} Rd8 {[%clk 00:50:07]} {[%emt 00:00:51]} 28. Ne4 {[%clk 00:58:01]}
{[%emt 00:00:37]} f5 {[%clk 00:48:20]} {[%emt 00:02:18]} 29. Ng5 {[%clk
00:55:01]} {[%emt 00:03:28]} h6 {[%clk 00:46:52]} {[%emt 00:02:00]} 30. Nf3
{[%clk 00:55:20]} {[%emt 00:00:12]} Rd7 {[%clk 00:43:33]} {[%emt 00:03:48]} 31.
Ne5 {[%clk 00:54:49]} {[%emt 00:01:02]} Rd6 {[%clk 00:43:37]} {[%emt 00:00:23]}
32. Nc6 {[%clk 00:53:20]} {[%emt 00:01:50]} Nd8 {[%clk 00:43:39]} {[%emt
00:00:33]} 33. Nxd8 {[%clk 00:53:02]} {[%emt 00:00:55]} Rxd8 {[%clk 00:44:01]}
{[%emt 00:00:08]} 34. Bc4 {[%clk 00:51:25]} {[%emt 00:02:04]} Ra8 {[%clk
00:44:07]} {[%emt 00:00:27]} 35. Rd1 {[%clk 00:50:39]} {[%emt 00:01:15]} Ke7
{[%clk 00:43:54]} {[%emt 00:00:43]} 36. Ke2 {[%clk 00:50:56]} {[%emt 00:00:14]}
Kd6 {[%clk 00:43:50]} {[%emt 00:00:33]} 37. Kd2 {[%clk 00:50:27]} {[%emt
00:01:01]} Ke7 {[%clk 00:44:01]} {[%emt 00:00:18]} 38. Re1+ {[%clk 00:50:50]}
{[%emt 00:00:07]} Kd6 {[%clk 00:43:22]} {[%emt 00:01:07]} 39. h4 {[%clk
00:51:03]} {[%emt 00:00:19]} Kd7 {[%clk 00:41:58]} {[%emt 00:01:56]} 40. f4
{[%clk 00:51:19]} {[%emt 00:00:14]} Kd6 {[%clk 00:41:52]} {[%emt 00:00:34]} 41.
Re3 {[%clk 00:51:38]} {[%emt 00:00:13]} Kd7 {[%clk 00:42:00]} {[%emt 00:00:20]}
42. h5 {[%clk 00:50:38]} {[%emt 00:01:32]} a5 {[%clk 00:41:37]} {[%emt
00:00:50]} 43. bxa5 {[%clk 00:50:03]} {[%emt 00:01:09]} bxa5 {[%clk 00:41:39]}
{[%emt 00:00:26]} 44. hxg6 {[%clk 00:49:43]} {[%emt 00:00:51]} fxg6 {[%clk
00:41:53]} {[%emt 00:00:12]} 45. Re6 {[%clk 00:48:55]} {[%emt 00:01:14]} Rg8
{[%clk 00:41:00]} {[%emt 00:01:29]} 46. Ra6 {[%clk 00:49:07]} {[%emt 00:00:21]}
g5 {[%clk 00:41:20]} {[%emt 00:00:09]} 47. fxg5 {[%clk 00:47:49]} {[%emt
00:01:48]} Rxg5 {[%clk 00:40:38]} {[%emt 00:01:12]} 48. Bf1 {[%clk 00:48:09]}
{[%emt 00:00:09]} Rg3 {[%clk 00:39:19]} {[%emt 00:01:50]} 49. Rxa5 {[%clk
00:48:17]} {[%emt 00:00:23]} Ra3 {[%clk 00:39:31]} {[%emt 00:00:17]} 50. Ra6
{[%clk 00:48:29]} {[%emt 00:00:18]} Kc8 {[%clk 00:39:26]} {[%emt 00:00:32]} 51.
Rxh6 {[%clk 00:47:16]} {[%emt 00:01:46]} Rxa4 {[%clk 00:39:41]} {[%emt
00:00:15]} 52. Kd3 {[%clk 00:45:51]} {[%emt 00:01:55]} Ra3+ {[%clk 00:39:39]}
{[%emt 00:00:30]} 53. Kd4 {[%clk 00:44:46]} {[%emt 00:01:32]} Ra2 {[%clk
00:39:40]} {[%emt 00:00:33]} 54. Bd3 {[%clk 00:44:20]} {[%emt 00:00:57]} Ra4+
{[%clk 00:39:47]} {[%emt 00:00:22]} 55. Ke5 {[%clk 00:44:24]} {[%emt 00:00:27]}
Rg4 {[%clk 00:39:47]} {[%emt 00:00:28]} 56. Bxf5+ {[%clk 00:44:42]} {[%emt
00:00:14]} Kb7 {[%clk 00:40:02]} {[%emt 00:00:14]} 57. Bxg4 {[%clk 00:45:07]}
{[%emt 00:00:06]} Ka7 {[%clk 00:40:18]} {[%emt 00:00:14]} 58. Bf3 {[%clk
00:44:41]} {[%emt 00:00:56]} Kb8 {[%clk 00:40:27]} {[%emt 00:00:21]} 59. g4
{[%clk 00:44:59]} {[%emt 00:00:13]} Kc8 {[%clk 00:40:41]} {[%emt 00:00:14]} 60.
g5 {[%clk 00:45:11]} {[%emt 00:00:19]} Kb8 {[%clk 00:40:28]} {[%emt 00:00:43]}
61. g6 {[%clk 00:45:24]} {[%emt 00:00:18]} Kb7 {[%clk 00:39:57]} {[%emt
00:01:01]} 62. g7 {[%clk 00:45:46]} {[%emt 00:00:07]} Ka7 {[%clk 00:40:22]}
{[%emt 00:00:05]} 63. g8=Q {[%clk 00:46:04]} {[%emt 00:00:12]} Kb7 {[%clk
00:40:41]} {[%emt 00:00:10]} 64. d6+ {[%clk 00:46:28]} {[%emt 00:00:07]} Kb6
{[%clk 00:41:02]} {[%emt 00:00:08]} 65. Qb8+ {[%clk 00:46:51]} {[%emt
00:00:08]} Kc5 {[%clk 00:41:22]} {[%emt 00:00:09]} 66. Qxc7+ {[%clk 00:47:05]}
{[%emt 00:00:16]} Kb4 {[%clk 00:41:27]} {[%emt 00:00:23]} 67. d7 {[%clk
00:47:22]} {[%emt 00:00:16]} Ka3 {[%clk 00:40:58]} {[%emt 00:00:58]} 68. Qb7
{[%clk 00:47:35]} {[%emt 00:00:18]} Ka4 {[%clk 00:41:15]} {[%emt 00:00:12]} 69.
Ra6# {[%clk 00:48:00]} {[%emt 00:00:06]} 1-0

[Event "DEM U10w 2025"]
[Site "Willingen GER"]
[Date "2025.06.11"]
[Round "5"]
[White "Müller, Greta Waltraud"]
[Black "Gubler, Miriam"]
[Result "1/2-1/2"]
[Termination "normal"]
[Board "6"]
[WhiteElo "1362"]
[BlackElo "1188"]
[WhiteClock "00:37:18"]
[BlackClock "00:47:21"]
[PlyCount "123"]
[WhiteFideId "533043590"]
[BlackFideId "533043809"]
[EventCountry "GER"]
[EventRounds "9"]
[EventType "swiss"]
[EventDate "2025.06.07"]

1. e4 {[%clk 01:30:52]} {[%emt 00:00:07]} e5 {[%clk 01:30:54]} {[%emt
00:00:06]} 2. Nf3 {[%clk 01:31:13]} {[%emt 00:00:09]} Nc6 {[%clk 01:31:18]}
{[%emt 00:00:06]} 3. Nc3 {[%clk 01:31:36]} {[%emt 00:00:08]} Nf6 {[%clk
01:32:14]} {[%emt 00:00:04]} 4. Bb5 {[%clk 01:32:02]} {[%emt 00:00:33]} Bc5
{[%clk 01:32:33]} {[%emt 00:00:10]} 5. Nxe5 {[%clk 01:31:35]} {[%emt 00:00:58]}
Nxe5 {[%clk 01:32:42]} {[%emt 00:00:21]} 6. d4 {[%clk 01:31:53]} {[%emt
00:00:11]} a6 {[%clk 01:32:46]} {[%emt 00:00:27]} 7. Be2 {[%clk 01:29:48]}
{[%emt 00:02:32]} Bd6 {[%clk 01:32:46]} {[%emt 00:00:34]} 8. dxe5 {[%clk
01:30:02]} {[%emt 00:00:15]} Bxe5 {[%clk 01:33:07]} {[%emt 00:00:09]} 9. Bf3
{[%clk 01:29:14]} {[%emt 00:01:16]} O-O {[%clk 01:32:15]} {[%emt 00:01:24]} 10.
Bg5 {[%clk 01:28:52]} {[%emt 00:00:51]} h6 {[%clk 01:32:33]} {[%emt 00:00:12]}
11. Bh4 {[%clk 01:29:08]} {[%emt 00:00:15]} c6 {[%clk 01:31:30]} {[%emt
00:01:34]} 12. Qd2 {[%clk 01:28:09]} {[%emt 00:01:17]} Qc7 {[%clk 01:28:52]}
{[%emt 00:03:18]} 13. Bg3 {[%clk 01:27:42]} {[%emt 00:00:57]} Bxg3 {[%clk
01:28:21]} {[%emt 00:01:02]} 14. hxg3 {[%clk 01:28:00]} {[%emt 00:00:11]} Re8
{[%clk 01:27:33]} {[%emt 00:01:11]} 15. O-O-O {[%clk 01:28:09]} {[%emt
00:00:29]} b5 {[%clk 01:27:36]} {[%emt 00:00:27]} 16. a3 {[%clk 01:28:06]}
{[%emt 00:00:34]} a5 {[%clk 01:27:37]} {[%emt 00:00:28]} 17. Rde1 {[%clk
01:18:06]} {[%emt 00:10:30]} Rb8 {[%clk 01:25:27]} {[%emt 00:02:40]} 18. Na2
{[%clk 01:14:39]} {[%emt 00:03:57]} c5 {[%clk 01:24:22]} {[%emt 00:01:35]} 19.
b4 {[%clk 01:09:38]} {[%emt 00:05:31]} axb4 {[%clk 01:20:52]} {[%emt 00:04:00]}
20. axb4 {[%clk 01:09:56]} {[%emt 00:00:13]} Bb7 {[%clk 01:10:32]} {[%emt
00:10:50]} 21. Rh4 {[%clk 01:02:18]} {[%emt 00:08:04]} Ra8 {[%clk 01:05:02]}
{[%emt 00:06:02]} 22. Kb1 {[%clk 00:59:03]} {[%emt 00:03:45]} Qe5 {[%clk
00:58:24]} {[%emt 00:07:09]} 23. bxc5 {[%clk 00:54:26]} {[%emt 00:05:07]} Rec8
{[%clk 00:54:21]} {[%emt 00:04:32]} 24. Qd6 {[%clk 00:52:01]} {[%emt 00:02:48]}
Rxc5 {[%clk 00:51:54]} {[%emt 00:03:04]} 25. Qxe5 {[%clk 00:52:19]} {[%emt
00:00:13]} Rxe5 {[%clk 00:52:15]} {[%emt 00:00:09]} 26. Re3 {[%clk 00:51:52]}
{[%emt 00:00:56]} Rae8 {[%clk 00:51:42]} {[%emt 00:01:04]} 27. Nc3 {[%clk
00:48:58]} {[%emt 00:03:23]} b4 {[%clk 00:50:07]} {[%emt 00:02:06]} 28. Na2
{[%clk 00:49:14]} {[%emt 00:00:14]} Bxe4 {[%clk 00:50:16]} {[%emt 00:00:21]}
29. Bxe4 {[%clk 00:48:30]} {[%emt 00:01:14]} Rxe4 {[%clk 00:50:37]} {[%emt
00:00:08]} 30. Rexe4 {[%clk 00:48:09]} {[%emt 00:00:51]} Nxe4 {[%clk 00:50:27]}
{[%emt 00:00:41]} 31. f3 {[%clk 00:48:19]} {[%emt 00:00:19]} Nxg3 {[%clk
00:50:27]} {[%emt 00:00:30]} 32. Nxb4 {[%clk 00:47:57]} {[%emt 00:00:53]} Nf5
{[%clk 00:49:34]} {[%emt 00:01:22]} 33. Rh1 {[%clk 00:47:19]} {[%emt 00:01:07]}
Ne3 {[%clk 00:47:04]} {[%emt 00:03:02]} 34. Re1 {[%clk 00:47:29]} {[%emt
00:00:20]} Rb8 {[%clk 00:47:12]} {[%emt 00:00:23]} 35. Rxe3 {[%clk 00:47:26]}
{[%emt 00:00:33]} Rxb4+ {[%clk 00:47:33]} {[%emt 00:00:08]} 36. Kc1 {[%clk
00:47:41]} {[%emt 00:00:15]} Kh7 {[%clk 00:47:29]} {[%emt 00:00:34]} 37. Re7
{[%clk 00:46:33]} {[%emt 00:01:38]} Rb7 {[%clk 00:46:54]} {[%emt 00:01:05]} 38.
Rxf7 {[%clk 00:46:48]} {[%emt 00:00:15]} Kg6 {[%clk 00:47:11]} {[%emt
00:00:13]} 39. Rf4 {[%clk 00:47:13]} {[%emt 00:00:04]} d6 {[%clk 00:47:03]}
{[%emt 00:00:38]} 40. Rd4 {[%clk 00:47:19]} {[%emt 00:00:26]} Rd7 {[%clk
00:47:27]} {[%emt 00:00:07]} 41. c4 {[%clk 00:47:40]} {[%emt 00:00:08]} Kh7
{[%clk 00:47:23]} {[%emt 00:00:34]} 42. Kd2 {[%clk 00:47:43]} {[%emt 00:00:27]}
Rc7 {[%clk 00:47:38]} {[%emt 00:00:15]} 43. Kd3 {[%clk 00:47:59]} {[%emt
00:00:15]} Rc6 {[%clk 00:47:25]} {[%emt 00:00:41]} 44. Kc3 {[%clk 00:46:49]}
{[%emt 00:01:42]} Kg8 {[%clk 00:47:03]} {[%emt 00:00:51]} 45. Kb4 {[%clk
00:46:35]} {[%emt 00:00:43]} Rb6+ {[%clk 00:46:56]} {[%emt 00:00:38]} 46. Ka5
{[%clk 00:46:55]} {[%emt 00:00:11]} Rc6 {[%clk 00:47:06]} {[%emt 00:00:18]} 47.
Kb5 {[%clk 00:46:54]} {[%emt 00:00:32]} Rc5+ {[%clk 00:47:26]} {[%emt
00:00:10]} 48. Kb6 {[%clk 00:47:10]} {[%emt 00:00:15]} Kh7 {[%clk 00:47:42]}
{[%emt 00:00:14]} 49. Rxd6 {[%clk 00:46:19]} {[%emt 00:01:21]} Rxc4 {[%clk
00:48:06]} {[%emt 00:00:06]} 50. Rd2 {[%clk 00:46:32]} {[%emt 00:00:16]} Kg6
{[%clk 00:47:52]} {[%emt 00:00:43]} 51. Rf2 {[%clk 00:43:47]} {[%emt 00:03:10]}
Kf5 {[%clk 00:47:40]} {[%emt 00:00:49]} 52. Re2 {[%clk 00:42:21]} {[%emt
00:01:56]} Rc3 {[%clk 00:47:11]} {[%emt 00:00:59]} 53. Re7 {[%clk 00:41:56]}
{[%emt 00:00:50]} Kf6 {[%clk 00:47:25]} {[%emt 00:00:19]} 54. Re2 {[%clk
00:42:09]} {[%emt 00:00:19]} Kf5 {[%clk 00:47:39]} {[%emt 00:00:15]} 55. Rd2
{[%clk 00:42:08]} {[%emt 00:00:32]} Ke5 {[%clk 00:47:33]} {[%emt 00:00:29]} 56.
Re2+ {[%clk 00:41:48]} {[%emt 00:00:56]} Kf5 {[%clk 00:47:51]} {[%emt
00:00:14]} 57. Kb5 {[%clk 00:40:12]} {[%emt 00:02:02]} Rc7 {[%clk 00:47:34]}
{[%emt 00:00:50]} 58. Kb4 {[%clk 00:40:11]} {[%emt 00:00:31]} Rc6 {[%clk
00:47:36]} {[%emt 00:00:26]} 59. Kb3 {[%clk 00:40:18]} {[%emt 00:00:25]} Rc7
{[%clk 00:47:49]} {[%emt 00:00:15]} 60. Re1 {[%clk 00:39:30]} {[%emt 00:01:18]}
Rc6 {[%clk 00:48:01]} {[%emt 00:00:18]} 61. Rf1 {[%clk 00:39:30]} {[%emt
00:00:32]} Kf4 {[%clk 00:47:21]} {[%emt 00:01:10]} 62. Rg1 {[%clk 00:37:18]}
{[%emt 00:02:29]} 1/2-1/2